000
00318pab a2200145 454500
008
180718b1985 xxu||||| |||| 00| 0 eng d
100
_a
Pinto, Albert
245
_a
Curbing Marine pollution
260
_c
1985
300
_a
17-22
362
_a
15 Sept.
650
_a
Pollution
773
_a
Capital
909
_a
15442
999
_c
15442
_d
15442